Kỹ thuật nhiệt

Gespeichert in:
Bibliographische Detailangaben
1. Verfasser: Bùi Hải
Format: Buch
Sprache:Undetermined
Veröffentlicht: H. KHKT 2002
Schlagworte:
Tags: Tag hinzufügen
Keine Tags, Fügen Sie den ersten Tag hinzu!
Thư viện lưu trữ: Trung tâm Học liệu Trường Đại học Cần Thơ
LEADER 00489nam a2200193Ia 4500
001 CTU_62564
008 210402s9999 xx 000 0 und d
020 |b 28000 
082 |a 621.4 
082 |b H103 
100 |a Bùi Hải 
245 0 |a Kỹ thuật nhiệt 
245 0 |c Bùi Hải và Trần Thế Sơn 
260 |a H. 
260 |b KHKT 
260 |c 2002 
650 |a heat engineering 
904 |i Minh 
980 |a Trung tâm Học liệu Trường Đại học Cần Thơ